Dos mecenas de Cervantes (Record no. 127122)

MARC details
000 -LEADER
campo de control de longitud fija 00803nam a2200217 i 4500
001 - NÚMERO DE CONTROL
campo de control 127122
003 - IDENTIFICADOR DE NÚMERO DE CONTROL
campo de control ES-MaACL
005 - FECHA Y HORA DE LA ÚLTIMA TRANSACCIÓN
campo de control 20250806063130.0
007 - CAMPO FIJO DE DESCRIPCIÓN FÍSICA--INFORMACIÓN GENERAL
campo de control de longitud fija t|
008 - DATOS DE LONGITUD FIJA--INFORMACIÓN GENERAL
campo de control de longitud fija 161130s1952 sp f |||| |dspa d
080 ## - NÚMERO DE LA CLASIFICACIÓN DECIMAL UNIVERSAL
Número de la Clasificación Decimal Universal 929 López de Zúñiga, Alonso Diego. Duque de Béjar
080 ## - NÚMERO DE LA CLASIFICACIÓN DECIMAL UNIVERSAL
Número de la Clasificación Decimal Universal 929 Tapia, Rodrigo de
100 1# - ENTRADA PRINCIPAL--NOMBRE DE PERSONA
Nombre de persona Saltillo, Miguel Lasso de la Vega y López de Tejada,
Títulos y otros términos asociados al nombre Marqués del,
Fechas asociadas al nombre 1893-1957
9 (RLIN) 188502
245 10 - MENCIÓN DEL TÍTULO
Título Dos mecenas de Cervantes
Resto del título : El Duque de Béjar y Don Rodrigo de Tapia /
Mención de responsabilidad, etc. Marqués del Saltillo.
260 ## - PUBLICACIÓN, DISTRIBUCIÓN, ETC.
Lugar de publicación, distribución, etc. Madrid :
Nombre del editor, distribuidor, etc. Maestre,
Fecha de publicación, distribución, etc. 1952.
300 ## - DESCRIPCIÓN FÍSICA
Extensión 61 p., [3] h. de lám. ;
Dimensiones 24 cm.
600 14 - PUNTO DE ACCESO ADICIONAL DE MATERIA--NOMBRE DE PERSONA
Nombre de persona Béjar, Diego López de Zúñiga
Títulos y otros términos asociados al nombre Duque de.
9 (RLIN) 161383
600 14 - PUNTO DE ACCESO ADICIONAL DE MATERIA--NOMBRE DE PERSONA
Nombre de persona Tapia, Rodrigo de.
9 (RLIN) 161384
852 ## - LOCALIZACIÓN
Ubicación ES-MaACL
Número de control de estantería 2333-F-11
Holdings
Estatus retirado Estado de pérdida Estado de daño No para préstamo Colección Biblioteca de origen Biblioteca actual Ubicación en estantería Fecha de adquisición Fuente de adquisición Total de préstamos Signatura topográfica completa Código de barras Visto por última vez Precio de reemplazo Tipo de ítem Koha
        Colección de folletos Biblioteca del Ateneo de Madrid Biblioteca del Ateneo de Madrid Depósito folletos 17/01/2008     2333-F-11 1132404 23/02/2023 23/02/2023 Folleto